Spirit World Field Guide Tracklist (Aesop Rock) - Statistics

General Stats
  • This quiz has been taken 4 times
  • The average score is 18 of 21
Answer Stats
Hint Answer % Correct
15 1 to 10
100%
8 Boot Soup
100%
9 Coveralls
100%
7 Crystal Sword
100%
4 Dog At The Door
100%
11 Holy Waterfall
100%
10 Jumping Coffin
100%
20 Marble Cake
100%
21 The Four Winds
100%
2 The Gates
100%
16 Attaboy
75%
3 Button Masher
75%
12 Flies
75%
5 Gauze
75%
1 Hello From The Spirit World
75%
6 Pizza Alley
75%
13 Salt
75%
19 Side Quest
75%
14 Sleeper Car
75%
18 Fixed & Dilated
50%
17 Kodokushi
50%
No matching quizzes found
Score Distribution
Percent of People with Each Score
Percentile by Number Answered
Your Score History
You have not taken this quiz